Normal view MARC view

Entry Personal Name

Number of records used in: 1

001 - CONTROL NUMBER

  • control field: 9009

003 - CONTROL NUMBER IDENTIFIER

  • control field: DLC

005 - DATE AND TIME OF LATEST TRANSACTION

  • control field: 20220106152514.0

008 - FIXED-LENGTH DATA ELEMENTS

  • fixed length control field: 050921n| acannaabn |n aaa

010 ## - LIBRARY OF CONGRESS CONTROL NUMBER

  • LC control number: n 2005070911

040 ## - CATALOGING SOURCE

  • Original cataloging agency: DLC
  • Language of cataloging: eng
  • Transcribing agency: DLC

100 1# - HEADING--PERSONAL NAME

  • Personal name: Lindblom, Brian S.

670 ## - SOURCE DATA FOUND

  • Source citation: Scientific examination of questioned documents, 2006:
  • Information found: CIP t.p. (Brian S. Lindblom) author info. p. (director, American Board of Forensic Document Examiners; diploma in Forensic Document Examination)

Powered by Koha